[Event "2017 South African Open Ch"]
[Site "Durban"]
[Date "2017.07.20"]
[Round "9"]
[White "Govindasamy, Nashlen"]
[Black "Jacobs, Kevin T"]
[Result "0-1"]
[WhiteElo "2087"]
[BlackElo "1882"]
[Annotator "NA"]
[PlyCount "120"]
[EventDate "2017.??.??"]
[EventCountry "RSA"]
[SourceTitle "playchess.com"]
[Source "ChessBase"]
[SourceQuality "1"]
[TimeControl "5400+30"]

1. Nf3 {[%emt 0:04:41]} d5 {[%emt 0:00:39]} 2. c4 {[%emt 0:00:32]} e6 {[%emt 0:00:27]} 3. g3 {[%emt 0:00:16]} Nf6 {[%emt 0:00:39]} 4. Bg2 {[%emt 0:00:11]} Be7 {[%emt 0:00:25]} 5. O-O {[%emt 0:00:08]} O-O {[%emt 0:00:43]} 6. b3 {[%emt 0:01:46]} c5 {[%emt 0:01:34]} 7. Bb2 {[%emt 0:00:25]} Nc6 {[%emt 0:02:18]} 8. e3 {[%emt 0:01:14]} b6 {[%emt 0:04:47]} 9. Nc3 {[%emt 0:01:49]} Bb7 {[%emt 0:05:40]} 10. d3 {[%emt 0:15:23]} Rc8 {[%emt 0:03:37]} 11. Qe2 {[%emt 0:00:47] LiveBook: 30 Games A14: English Opening: 1...e6 with b3 by White} Bd6 {[%emt 0:00:25]} (11... Qd7 12. Rfd1 Rfd8 13. d4 cxd4 14. Nxd4 Nxd4 15. Rxd4 Bc5 16. Rdd1 Qe7 17. cxd5 exd5 18. Rac1 Ne4 {1-0 (80) Macieja,B (2608)-Kanarek,M (2482) Chorzow 2013}) 12. Rfd1 {[%emt 0:00:54]} Qe7 {[%emt 0:00:08]} 13. Rac1 {[%emt 0:07:50]} Rfd8 {[%emt 0:01:46]} (13... d4 $5 {[%cal Rd4c3]} 14. Nb5 dxe3 $11) 14. cxd5 {[%emt 0:01:10]} exd5 {[%emt 0:06:25]} 15. d4 $146 {[%emt 0:01:17]} ({Predecessor:} 15. Bh3 Ra8 16. Nb5 d4 17. Nxd6 Rxd6 18. e4 Rdd8 19. a3 {½-½ (47) Sunye Neto,J (2470)-Blees,A (2225) Dieren 1984}) 15... Nb4 {[%emt 0:08:50]} 16. Bh3 {[%emt 0:22:48]} Ra8 {[%emt 0:04:41]} 17. a3 {[%emt 0:02:14]} Ba6 {[%emt 0:04:05]} 18. Nb5 {[%emt 0:00:36]} Qe8 {[%emt 0:00:32] [#]} 19. a4 $2 {[%emt 0:03:37]} (19. Bf1 $1 $18) 19... Ne4 {[%emt 0:04:21]} 20. Ba1 {[%emt 0:08:03]} Bxb5 {[%emt 0:06:24]} 21. axb5 {[%emt 0:00:14]} a6 {[%emt 0:00:07]} 22. dxc5 {[%emt 0:00:50]} Bxc5 {[%emt 0:00:41]} 23. Nd4 {[%emt 0:06:24]} (23. Nd2 $11) 23... axb5 {[%emt 0:03:06]} 24. Nf5 {[%emt 0:15:27]} ({Not} 24. Qxb5 $2 Qxb5 25. Nxb5 Ra2 $19) ({Avoid the trap} 24. Nxb5 $2 Ra2 $19) (24. Bf1 $15) 24... f6 {[%emt 0:10:42]} 25. Bb2 {[%emt 0:01:13]} Ra2 {[%emt 0:08:32]} 26. Ra1 {[%emt 0:00:39]} g6 {[%emt 0:02:54]} 27. Rxa2 {[%emt 0:00:40]} (27. Nd4 $11) 27... Nxa2 {[%emt 0:01:04]} 28. Ra1 $1 {[%emt 0:02:07]} Nac3 {[%emt 0:01:07]} 29. Bxc3 {[%emt 0:00:12]} (29. Nh6+ $1 $11 {was the only way to keep the balance.} Kg7 30. Qg4) 29... Nxc3 {[%emt 0:00:07]} 30. Qg4 {[%emt 0:00:49] [#]} (30. Qd3 $142 gxf5 31. Qxc3) 30... Qe4 $1 {[%emt 0:01:13]} 31. Nd4 {[%emt 0:00:40]} Bxd4 $1 {[%emt 0:01:28]} 32. Qe6+ {[%emt 0:00:27]} Qxe6 {[%emt 0:00:13]} 33. Bxe6+ {[%emt 0:00:02]} Kg7 {[%emt 0:00:22]} 34. Ra7+ $19 {[%emt 0:00:35]} Kh6 {[%emt 0:00:58]} 35. exd4 {[%emt 0:00:07]} Ne2+ {[%emt 0:00:06]} 36. Kf1 {[%emt 0:00:59]} Nxd4 {[%emt 0:00:14]} 37. Bd7 {[%emt 0:00:22]} Nxb3 {[%emt 0:01:18]} 38. Bxb5 {[%emt 0:00:14]} d4 {[%emt 0:01:50]} 39. Ke2 {[%emt 0:00:56]} d3+ {[%emt 0:00:06]} 40. Kd1 {[%emt 0:00:22]} d2 {[%emt 0:00:11]} 41. Bc4 {[%emt 0:00:51]} Na5 {[%emt 0:02:48]} 42. Be6 {[%emt 0:00:36]} Nc6 {[%emt 0:02:32]} 43. Rb7 {[%emt 0:00:27]} Nd4 {[%emt 0:01:40]} 44. Rxb6 {[%emt 0:00:28]} Nf3 {[%emt 0:01:38]} 45. h4 {[%emt 0:00:32]} Re8 {[%emt 0:01:55]} 46. Rd6 {[%emt 0:00:23]} Re7 {[%emt 0:00:28]} 47. Rc6 {[%emt 0:00:39]} Nd4 {[%emt 0:00:18]} 48. Rd6 {[%emt 0:00:12]} Nxe6 {[%emt 0:00:12]} 49. Kxd2 {[%emt 0:00:03]} f5 {[%emt 0:00:37]} 50. Ke2 {[%emt 0:00:31]} Ng5+ {[%emt 0:00:30]} 51. Kf1 {[%emt 0:00:24]} Ne4 {[%emt 0:00:02]} 52. Rd3 {[%emt 0:00:20]} Rc7 {[%emt 0:00:15]} 53. Kg2 {[%emt 0:01:23]} Rc2 {[%emt 0:00:06]} 54. Rf3 {[%emt 0:00:04]} Kh5 {[%emt 0:00:33]} 55. Rf4 {[%emt 0:00:20]} Rxf2+ {[%emt 0:00:48]} 56. Rxf2 {[%emt 0:00:08]} Nxf2 {[%emt 0:00:02]} 57. Kxf2 {[%emt 0:00:02]} Kg4 {[%emt 0:00:18]} 58. Kg2 {[%emt 0:00:30]} f4 {[%emt 0:00:32]} 59. gxf4 {[%emt 0:00:13]} Kxf4 {[%emt 0:00:02]} 60. Kh3 {[%emt 0:00:30]} h5 {[%emt 0:00:09] Kg4+} 0-1

[Event "2017 South African Open Ch"]
[Site "Durban"]
[Date "2017.07.20"]
[Round "9"]
[White "Oberholzer, Francois"]
[Black "Kobese, Watu"]
[Result "0-1"]
[WhiteElo "2046"]
[BlackElo "2367"]
[Annotator "TA"]
[PlyCount "38"]
[EventDate "2017.??.??"]
[EventCountry "RSA"]
[SourceTitle "playchess.com"]
[Source "ChessBase"]
[SourceQuality "1"]

{[%evp 12,38,50,0,0,0,0,0,0,-10,0,-4,-5,-7,12,-16,-4,-28,-11,-48,-52,-77,-28,-66,-63,-76,-77,-289,-304]} 1. e4 e5 2. Nf3 Nc6 3. Bb5 a6 4. Ba4 b5 5. Bb3 Na5 6. O-O d6 7. c3 Nxb3 {C70: Ruy Lopez: 3...a6 4 Ba4, Norwegian and Delayed Schliemann} 8. axb3 Bb7 9. d4 Nf6 $146 {The position is equal.} ({Predecessor:} 9... exd4 10. cxd4 Nf6 11. Nc3 Be7 12. d5 b4 13. Ne2 Nxe4 14. Qd4 Nf6 15. Nf4 {0-1 (42) Polgar,J (2711)-Morozevich,A (2787) Almaty 2008}) 10. Bg5 h6 11. Bxf6 $1 Qxf6 12. d5 c5 13. Na3 Be7 {[%cal Bf8e7,Be7g5,Bg5d2][%mdl 32]} 14. Qe2 O-O 15. Rfc1 Qg6 $36 {[%mdl 2048] Black is pushing.} 16. c4 f5 17. Nd2 Bg5 18. Re1 Bxd2 19. exf5 $2 {[#]} (19. Qxd2 $17 fxe4 20. Nc2) 19... Qg5 ({Not} 19... Rxf5 20. Qxd2 Raf8 21. Qd3 $17) 0-1

[Event "2017 South African Open Ch"]
[Site "Durban"]
[Date "2017.07.20"]
[Round "9"]
[White "Skosana, Stephen K"]
[Black "Abrantes, Persson"]
[Result "0-1"]
[WhiteElo "2027"]
[BlackElo "2003"]
[Annotator "NA"]
[PlyCount "90"]
[EventDate "2017.??.??"]
[EventCountry "RSA"]
[SourceTitle "playchess.com"]
[Source "ChessBase"]
[SourceQuality "1"]
[TimeControl "5400+30"]

{[%evp 17,86,-8,-6,-13,22,32767,32767,32767,32767,32767,32767,32767,32767,-37,-14,-43,32767,27,37,32,44,32767,62,32767,32767,245,151,32767,192,0,0,0,39,-5,0,0,0,32767,20,0,32767,32767,32767,32767,32767,32767,-43,-22,32767,-17,0,-355,32767,32767,-483,32767,-307,-329,-378,-1067,-1332,-1112,-509,-548,32767,32767,32767,32767,32767,-29990,-29991]} 1. d4 {[%emt 0:25:07]} Nf6 {[%emt 0:00:13]} 2. Bg5 {[%emt 0:03:01]} g6 {[%emt 0:01:27]} 3. Nc3 {[%emt 0:00:16]} Bg7 {[%emt 0:00:02]} 4. Qd2 {[%emt 0:00:12]} h5 {[%emt 0:00:19]} 5. e4 {[%emt 0:00:48]} d6 {[%emt 0:01:58]} 6. Bd3 {[%emt 0:01:12]} Nc6 {[%emt 0:00:41]} 7. d5 {[%emt 0:01:24]} Ne5 {[%emt 0:00:20]} 8. Be2 {[%emt 0:00:41]} c6 {[%emt 0:00:41]} 9. Nf3 {[%emt 0:05:15]} Nxf3+ {[%emt 0:01:06]} 10. Bxf3 {[%emt 0:00:24]} Qb6 {[%emt 0:00:03]} 11. Rb1 {[%emt 0:02:20]} Ng4 {[%emt 0:01:06]} 12. O-O {[%emt 0:00:59]} f6 {[%emt 0:00:48]} 13. Bxg4 {[%emt 0:00:56]} hxg4 {[%emt 0:00:19]} 14. Be3 {[%emt 0:00:46]} Qc7 {[%emt 0:00:10]} 15. dxc6 {[%emt 0:02:43]} bxc6 {[%emt 0:00:04]} 16. f4 {[%emt 0:00:49]} Qa5 {[%emt 0:05:22]} 17. b4 {[%emt 0:02:55]} Qh5 {[%emt 0:00:50]} 18. g3 {[%emt 0:00:14]} f5 {[%emt 0:02:42]} 19. Rf2 {[%emt 0:01:08]} Bb7 {[%emt 0:06:41]} 20. Bd4 {[%emt 0:02:36]} e5 {[%emt 0:03:48]} 21. fxe5 dxe5 {[%emt 0:00:04]} 22. Bc5 {[%emt 0:08:27]} Rd8 {[%emt 0:00:04]} 23. Qe1 $2 {[%emt 0:05:32] [#]} ({Only move:} 23. Qe2 $18) 23... f4 $1 {[%emt 0:00:32]} 24. Rg2 {[%emt 0:00:51]} f3 {[%emt 0:02:25]} (24... Bh6 $5 {[%cal Rf4f3]} 25. Rd1 f3 $11) 25. Rd2 {[%emt 0:02:29]} Kf7 {[%emt 0:00:44]} 26. Rbd1 {[%emt 0:00:07]} Bc8 {[%emt 0:02:58]} 27. Bxa7 {[%emt 0:01:52]} Bh6 {[%emt 0:02:54]} (27... Rd4 $5) 28. Rf2 {[%emt 0:04:59]} (28. Rxd8 $2 {too greedy.} Be3+ 29. Qxe3 Qxh2+ 30. Kf1 Qg2+ 31. Ke1 Rh1+ 32. Qg1 Rxg1+ 33. Bxg1 Qxg1+ 34. Kd2 Qg2+ 35. Kc1 Be6 $19) 28... Be6 {[%emt 0:01:32]} 29. Bc5 {[%emt 0:00:13]} Ra8 {[%emt 0:03:13]} 30. a4 {[%emt 0:00:32]} Bf4 {[%emt 0:00:11]} 31. Rfd2 {[%emt 0:09:56]} Bxd2 {[%emt 0:00:40]} 32. Rxd2 {[%emt 0:00:15]} Rad8 {[%emt 0:00:15]} 33. Rf2 {[%emt 0:02:35]} Bc4 {[%emt 0:00:50]} 34. h4 $2 {[%emt 0:02:27]} (34. Nd1 $11 {and White has nothing to worry.}) 34... g5 {[%emt 0:00:36]} 35. Rh2 {[%emt 0:00:26]} gxh4 {[%emt 0:01:22]} 36. Rxh4 {[%emt 0:00:07]} Qg5 {[%emt 0:00:44]} 37. Be3 {[%emt 0:01:29]} Qg6 {[%emt 0:00:17]} 38. Kh2 {[%emt 0:01:34]} (38. Qf2 $142 Rxh4 39. gxh4) 38... Rdg8 {[%emt 0:01:11]} 39. Bf2 {[%emt 0:04:50]} Qf6 {[%emt 0:06:28]} (39... Rxh4+ $142 40. gxh4 {[#]} g3+ $1 {[%mdl 512]} 41. Bxg3 Bf1 $1 {[%mdl 512]}) 40. Nd1 {[%emt 0:00:57]} Be2 {[%emt 0:02:22]} 41. Ne3 {[%emt 0:00:51]} Rxh4+ {[%emt 0:00:04]} 42. gxh4 {[%emt 0:00:18]} Qf4+ {[%emt 0:00:10]} 43. Kh1 {[%emt 0:04:24]} g3 {[%emt 0:00:30]} 44. Nf5 {[%emt 0:00:06]} gxf2 {[%emt 0:01:01]} 45. Qxf2 {[%emt 0:00:07]} Qc1+ {[%emt 0:00:25]} 0-1

[Event "2017 South African Open Ch"]
[Site "Durban"]
[Date "2017.07.20"]
[Round "9"]
[White "Zwakala, Ntando"]
[Black "Salimu, Reuben"]
[Result "1/2-1/2"]
[WhiteElo "2020"]
[BlackElo "1968"]
[Annotator "NA"]
[PlyCount "149"]
[EventDate "2017.??.??"]
[EventCountry "RSA"]
[SourceTitle "playchess.com"]
[Source "ChessBase"]
[SourceQuality "1"]
[TimeControl "5400+30"]

1. e4 {[%emt 0:24:35]} e5 {[%emt 0:01:10]} 2. Nf3 {[%emt 0:00:10]} Nc6 {[%emt 0:00:14]} 3. Bb5 {[%emt 0:00:08]} a6 {[%emt 0:00:07]} 4. Ba4 {[%emt 0:00:04]} Nf6 {[%emt 0:00:09]} 5. O-O {[%emt 0:00:06]} Be7 {[%emt 0:00:15]} 6. Re1 {[%emt 0:00:08]} b5 {[%emt 0:00:19]} 7. Bb3 {[%emt 0:04:59]} O-O {[%emt 0:00:09]} 8. h3 {[%emt 0:00:10]} d6 {[%emt 0:00:07]} 9. c3 {[%emt 0:00:07]} Na5 {[%emt 0:00:32]} 10. Bc2 {[%emt 0:00:07]} c5 {[%emt 0:00:06]} 11. d4 {[%emt 0:00:04]} cxd4 {[%emt 0:00:10]} 12. cxd4 {[%emt 0:00:07]} exd4 {[%emt 0:00:23]} 13. Nxd4 {[%emt 0:00:35]} Bb7 {[%emt 0:00:18]} 14. Nd2 {[%emt 0:01:33]} Re8 {[%emt 0:01:17]} 15. Nf1 {[%emt 0:00:20]} Bf8 {[%emt 0:04:08] LiveBook: 57 Games} 16. Ng3 {[%emt 0:00:31]} Rc8 {[%emt 0:02:10]} 17. Bg5 {[%emt 0:03:04] C96: Closed Ruy Lopez: Chigorin Defence: 11 d4, replies other than 11...Qc7} h6 {[%emt 0:00:16]} 18. Bf4 {[%emt 0:00:09]} Nc4 {[%emt 0:00:12]} 19. b3 {[%emt 0:00:53]} (19. Rb1 Ne5 20. Rc1 Ng6 21. Qf3 Rc4 22. Rcd1 Qa5 23. Re2 Nxf4 24. Qxf4 {0-1 (68) Gulbas,C (2371)-Stevic,H (2588) Dresden 2008}) 19... Ne5 {[%emt 0:03:34]} 20. a4 $146 {[%emt 0:02:44]} ({Predecessor:} 20. Qd2 d5 21. Bxe5 Rxe5 22. f4 Rxe4 23. Bxe4 dxe4 24. Rad1 b4 25. Ndf5 Qb6+ 26. Kh2 Bc5 27. Qb2 Re8 28. Re2 Bf8 {½-½ (28) Makropoulou,M (2090)-Markidis,K (2378) Paleochora 2015}) 20... Ng6 {[%emt 0:08:48]} 21. Bd2 {[%emt 0:01:15]} Qb6 {[%emt 0:01:50]} 22. Ndf5 {[%emt 0:11:01]} d5 {[%emt 0:02:57]} 23. axb5 {[%emt 0:01:27]} axb5 {[%emt 0:00:36]} 24. Be3 {[%emt 0:05:37]} Bc5 {[%emt 0:01:16]} (24... Qc6 $5 {[%cal Rc6c2]} 25. Nd4 Qc7 $11) 25. exd5 {[%emt 0:01:12]} Nxd5 {[%emt 0:00:41]} 26. Bxc5 {[%emt 0:00:33]} Rxe1+ {[%emt 0:00:46]} 27. Qxe1 {[%emt 0:00:06]} Qxc5 {[%emt 0:00:21]} 28. Be4 {[%emt 0:02:26]} Re8 {[%emt 0:01:51]} 29. Qd2 {[%emt 0:03:12]} Ngf4 {[%emt 0:05:06]} 30. Qb2 {[%emt 0:07:19]} Qf8 $1 {[%emt 0:02:23]} 31. Ra7 {[%emt 0:01:56]} Ba8 {[%emt 0:00:51]} 32. Qd2 {[%emt 0:03:55]} Qc5 {[%emt 0:05:34]} 33. Ne7+ {[%emt 0:11:43]} Kf8 {[%emt 0:07:32]} (33... Nxe7 $11 34. Rxa8 Rxa8 35. Bxa8 Qe5) 34. Rxa8 {[%emt 0:00:17]} Rxa8 {[%emt 0:00:03]} 35. Nxd5 {[%emt 0:00:09]} Nxd5 {[%emt 0:00:21]} 36. Qxd5 {[%emt 0:00:21]} Qxd5 {[%emt 0:00:33]} 37. Bxd5 {[%emt 0:00:04]} Rd8 {[%emt 0:00:49]} 38. Bc6 {[%emt 0:00:18]} Rd3 {[%emt 0:01:18]} 39. Bxb5 {[%emt 0:00:04]} Rxb3 {[%emt 0:00:08]} 40. Be2 {[%emt 0:00:29]} Rb1+ {[%emt 0:00:12]} 41. Bf1 {[%emt 0:00:10]} g6 {[%emt 0:03:53]} 42. f3 {[%emt 0:00:16]} h5 {[%emt 0:00:25]} 43. Kf2 {[%emt 0:00:07]} Rb3 {[%emt 0:00:52]} 44. Ne4 {[%emt 0:00:07]} Ke7 {[%emt 0:01:22]} 45. h4 {[%emt 0:00:32]} Rb4 {[%emt 0:01:21]} 46. g3 {[%emt 0:00:35]} Ra4 {[%emt 0:01:32]} 47. Ke3 {[%emt 0:00:18]} Rb4 {[%emt 0:00:11]} 48. Nc5 {[%emt 0:01:52]} f6 {[%emt 0:05:01]} 49. Nd3 {[%emt 0:01:08]} Rb3 {[%emt 0:00:29]} 50. f4 {[%emt 0:01:01]} Ra3 {[%emt 0:00:37]} 51. Be2 {[%emt 0:00:07]} f5 {[%emt 0:02:05] Ne1} ({Black should play} 51... Ke6 $14) 52. Kf2 {[%emt 0:00:00]} Kf6 {[%emt 0:00:00]} 53. Ne5 {[%emt 0:00:09]} Ra7 {[%emt 0:00:57]} 54. Bb5 {[%emt 0:00:25]} Re7 {[%emt 0:01:54]} (54... Ra8 $16 55. Kf3 Ra3+ 56. Kg2 Ra2+ 57. Kf3 Ra3+ 58. Kf2 Ra2+ 59. Kf3 Ra3+) 55. Bd7 {[%emt 0:00:26]} Kg7 {[%emt 0:04:12]} 56. Ke3 {[%emt 0:00:06]} Kf6 {[%emt 0:00:42]} 57. Kd4 {[%emt 0:00:31]} Kg7 {[%emt 0:00:12]} 58. Kd5 {[%emt 0:00:18]} Kf6 {[%emt 0:00:08]} 59. Kd6 {[%emt 0:00:40]} Rg7 {[%emt 0:00:11]} 60. Be8 {[%emt 0:02:54]} Ra7 $18 {[%emt 0:00:14]} 61. Bxg6 {[%emt 0:01:16]} Ra6+ {[%emt 0:00:11]} 62. Kd5 {[%emt 0:00:24]} Ra3 {[%emt 0:00:09]} 63. Bxh5 {[%emt 0:00:37]} Rxg3 {[%emt 0:00:09]} 64. Bf3 {[%emt 0:00:28]} Rh3 {[%emt 0:00:17]} 65. h5 {[%emt 0:00:06]} Rh4 {[%emt 0:00:15]} 66. Nd3 {[%emt 0:06:07]} Rh3 {[%emt 0:00:37]} 67. Ne5 {[%emt 0:02:25]} Rh4 {[%emt 0:00:09]} 68. Ng6 {[%emt 0:01:48]} Rh3 {[%emt 0:00:11]} 69. Ne5 {[%emt 0:00:18]} Rh4 {[%emt 0:00:08]} 70. Nd7+ {[%emt 0:00:05]} Ke7 {[%emt 0:00:28]} 71. Ke5 {[%emt 0:00:02]} Kxd7 {[%emt 0:00:38]} 72. Kxf5 {[%emt 0:00:03]} Ke7 {[%emt 0:00:14]} 73. Kg5 {[%emt 0:00:05]} Rxf4 {[%emt 0:01:25]} 74. Kxf4 {[%emt 0:00:11]} Kf7 {[%emt 0:00:12]} 75. Ke4 1/2-1/2

[Event "2017 South African Open Ch"]
[Site "Durban"]
[Date "2017.07.20"]
[Round "9"]
[White "Goosen, Anton"]
[Black "Rooplal, Desmond"]
[Result "0-1"]
[WhiteElo "2004"]
[BlackElo "1686"]
[Annotator "NA"]
[PlyCount "82"]
[EventDate "2017.??.??"]
[EventCountry "RSA"]
[SourceTitle "playchess.com"]
[Source "ChessBase"]
[SourceQuality "1"]
[TimeControl "5400+30"]

1. d4 {[%emt 0:00:00]} Nf6 {[%emt 0:07:43]} 2. Bf4 {[%emt 0:00:00]} d5 {[%emt 0:00:14]} 3. e3 {[%emt 0:00:00]} c5 {[%emt 0:00:21]} 4. Nc3 {[%emt 0:00:00] D00: 1 d4 d5: Unusual lines} a6 {[%emt 0:01:20]} 5. Nf3 {[%emt 0:00:28]} (5. dxc5 e6 6. Na4 Bxc5 7. Nxc5 Qa5+ 8. c3 Qxc5 9. Nf3 Nc6 10. Bd3 h6 11. Ne5 O-O {1-0 (25) Carlsen,M (2832)-So,W (2812) Paris 2017}) 5... Nc6 {[%emt 0:02:05]} 6. Ne5 {[%emt 0:00:18]} cxd4 {[%emt 0:01:32]} 7. Nxc6 {[%emt 0:00:36]} bxc6 {[%emt 0:00:15]} 8. exd4 {[%emt 0:00:03]} Bf5 {[%emt 0:05:05]} 9. Be2 $146 {[%emt 0:01:00]} ({Predecessor:} 9. Bd3 Bxd3 10. Qxd3 e6 11. O-O Bd6 12. Bxd6 Qxd6 13. Na4 {0-1 (45) Janda,Z (2114)-Neckar,L (2319) Marianske Lazne 2016}) 9... e6 {[%emt 0:01:34]} 10. g4 {[%emt 0:03:30]} Bg6 {[%emt 0:03:03]} 11. h4 {[%emt 0:00:02]} h6 {[%emt 0:01:52]} 12. h5 {[%emt 0:02:38]} Be4 {[%emt 0:02:02]} 13. Nxe4 {[%emt 0:01:55]} Nxe4 {[%emt 0:00:27]} 14. Bd3 {[%emt 0:03:31]} Bd6 {[%emt 0:01:55]} 15. Be3 {[%emt 0:01:54]} Bb4+ {[%emt 0:05:21]} 16. Kf1 {[%emt 0:04:59]} Be7 {[%emt 0:20:04]} 17. Bxe4 {[%emt 0:04:17]} dxe4 {[%emt 0:00:02]} 18. c4 {[%emt 0:00:23]} f5 {[%emt 0:05:49]} 19. Qa4 {[%emt 0:04:00]} Qd6 {[%emt 0:03:42]} 20. gxf5 {[%emt 0:01:18]} exf5 {[%emt 0:03:40]} 21. d5 {[%emt 0:05:49]} O-O {[%emt 0:01:02]} (21... f4 $5 {[%cal Rf4e3]} 22. Bd4 O-O $11) 22. Qxc6 {[%emt 0:01:33]} Qxc6 {[%emt 0:08:27]} 23. dxc6 {[%emt 0:00:01]} Rac8 {[%emt 0:00:51]} 24. Rd1 {[%emt 0:01:18]} Rxc6 {[%emt 0:00:32]} 25. b3 {[%emt 0:00:34]} f4 {[%emt 0:01:15]} 26. Bc1 {[%emt 0:01:39]} e3 {[%emt 0:06:42]} 27. Rd7 {[%emt 0:07:56]} (27. Rh3 $11) 27... Re6 {[%emt 0:02:07]} 28. f3 {[%emt 0:09:46] [#]} Rf5 $1 {[%emt 0:06:14]} 29. Ke2 {[%emt 0:05:44]} Rg5 {[%emt 0:00:59]} ({Black should try} 29... Bf6 $19 30. Rdd1 Ra5) 30. Rh2 {[%emt 0:01:45]} Rg1 {[%emt 0:03:24]} 31. Rd1 $1 {[%emt 0:02:34]} Rg5 {[%emt 0:01:01]} 32. Bb2 {[%emt 0:01:08]} Bf6 {[%emt 0:00:21]} 33. Bxf6 {[%emt 0:00:50]} Rxf6 {[%emt 0:00:01]} 34. Rd4 {[%emt 0:01:35]} Kf7 {[%emt 0:01:57]} 35. b4 {[%emt 0:01:01]} Rg1 {[%emt 0:00:40]} 36. Rd1 {[%emt 0:02:05]} Rg5 {[%emt 0:00:20]} 37. c5 {[%emt 0:01:29]} a5 {[%emt 0:00:33]} 38. Rc1 {[%emt 0:07:18]} (38. Rd4 $11 {keeps the balance.}) 38... axb4 {[%emt 0:02:05]} 39. c6 $17 {[%emt 0:05:13]} Rd6 {[%emt 0:00:36]} 40. Rc2 {[%emt 0:07:59]} Rg1 {[%emt 0:00:15]} 41. c7 {[%emt 0:10:25]} Rdd1 {[%emt 0:00:04]} 0-1

[Event "2017 South African Open Ch"]
[Site "Durban"]
[Date "2017.07.20"]
[Round "9"]
[White "Du Plessis, Heinco"]
[Black "Mwale Joseph"]
[Result "0-1"]
[WhiteElo "2003"]
[BlackElo "2159"]
[Annotator "NA"]
[PlyCount "66"]
[EventDate "2017.??.??"]
[EventCountry "RSA"]
[SourceTitle "playchess.com"]
[Source "ChessBase"]
[SourceQuality "1"]
[TimeControl "5400+30"]

{[%evp 19,66,-6,0,32767,32767,32767,32767,0,21,32767,-3,32767,32767,-122,32767,23,32767,0,32767,166,32767,180,183,179,354,100,121,74,365,32767,303,379,390,32767,32767,32767,-12,-32,32767,32767,-17,32767,-788,-689,-643,-652,-779,-790,-1209]} 1. d4 {[%emt 0:01:50]} Nf6 {[%emt 0:00:05]} 2. c4 {[%emt 0:00:09]} e6 {[%emt 0:00:04]} 3. Nc3 {[%emt 0:00:03]} Bb4 {[%emt 0:00:05]} 4. f3 {[%emt 0:00:05]} c5 {[%emt 0:00:06]} 5. a3 {[%emt 0:00:05]} Bxc3+ {[%emt 0:00:07]} 6. bxc3 {[%emt 0:00:05]} d5 {[%emt 0:00:08]} 7. cxd5 {[%emt 0:00:07]} exd5 {[%emt 0:00:12]} 8. e3 {[%emt 0:00:08]} O-O {[%emt 0:00:18]} 9. Bd3 {[%emt 0:01:58]} Re8 {[%emt 0:00:34]} 10. Ne2 {[%emt 0:01:38]} Nc6 {[%emt 0:00:16] LiveBook: 30 Games} 11. O-O {[%emt 0:06:11]} Rb8 {[%emt 0:00:35] E49: Nimzo-Indian: Rubinstein: 5 Bd3 d5 6 a3 Bxc3+ 7 bxc3} (11... Be6 12. Bd2 Rc8 13. Be1 cxd4 14. cxd4 Bd7 15. Qd2 b6 16. Bh4 Qe7 17. Bf2 Na5 18. Qb4 Nc4 19. Qxe7 Rxe7 20. Bxc4 Rxc4 {½-½ (64) Aleksandrov,A (2574)-Zhang,Z (2645) Doha 2016}) 12. Kh1 $146 {[%emt 0:14:10]} ({Predecessor:} 12. Ng3 b5 13. Re1 a6 14. Bc2 Qc7 15. dxc5 Nd8 16. Qd3 g6 17. Qd4 Qe7 18. e4 Ne6 19. Qf2 dxe4 20. Nxe4 Nxe4 21. Bxe4 {1-0 (48) Mihajlov,S (2360)-Risting,E (2376) Tromsoe 2016}) 12... b5 {[%emt 0:00:33]} 13. Ng3 {[%emt 0:01:55]} a5 {[%emt 0:00:51]} 14. Ra2 {[%emt 0:11:52]} b4 {[%emt 0:02:27]} (14... c4 $5 {[%cal Rc4d3]} 15. Bb1 b4 $15) 15. dxc5 {[%emt 0:02:47]} b3 {[%emt 0:01:39]} 16. Re2 {[%emt 0:00:43]} Nd7 {[%emt 0:02:25]} 17. a4 $1 {[%emt 0:08:54]} Na7 {[%emt 0:06:56]} 18. Ba3 {[%emt 0:08:17]} (18. e4 $16) 18... Qc7 {[%emt 0:01:36]} 19. e4 {[%emt 0:04:53]} Nxc5 {[%emt 0:00:21]} 20. exd5 {[%emt 0:00:09]} Bd7 {[%emt 0:00:18]} 21. Rxe8+ {[%emt 0:09:11]} Bxe8 {[%emt 0:00:16]} 22. Bxc5 {[%emt 0:01:17]} (22. Bb1 $18 {is more deadly.} Nxa4 23. Qd4 (23. Qd3 g6 $16)) 22... Qxc5 {[%emt 0:00:06]} 23. Ne4 {[%emt 0:00:10]} Qa3 $2 {[%emt 0:04:56]} (23... Qb6 $11) 24. Bb1 {[%emt 0:03:51]} Bxa4 $2 {[%emt 0:09:56]} (24... Qxa4 $14 25. Qe1 Qb5) 25. Qd3 {[%emt 0:00:46]} f5 {[%emt 0:03:18]} 26. Ng5 {[%emt 0:05:36]} Bd7 {[%emt 0:01:26]} 27. g4 {[%emt 0:07:51]} Qe7 {[%emt 0:07:58]} 28. f4 {[%emt 0:03:37]} (28. Ne6 $5) 28... Nb5 {[%emt 0:18:42]} 29. gxf5 {[%emt 0:01:17]} Nd6 {[%emt 0:00:54]} 30. Ne6 {[%emt 0:01:18]} Bb5 {[%emt 0:00:34]} 31. Qh3 {[%emt 0:03:36]} Bxf1 {[%emt 0:05:26]} 32. Qxf1 {[%emt 0:00:01]} Rc8 {[%emt 0:01:08]} 33. Qh3 {[%emt 0:01:21]} Qf6 $19 {[%emt 0:00:36]} 0-1

[Event "2017 South African Open Ch"]
[Site "Durban"]
[Date "2017.07.20"]
[Round "9"]
[White "Tavagwisa, Lawrence"]
[Black "De Abreu, Roberto N"]
[Result "0-1"]
[WhiteElo "1935"]
[BlackElo "2145"]
[Annotator "ChessBase"]
[PlyCount "50"]
[EventDate "2017.??.??"]
[EventCountry "RSA"]
[SourceTitle "playchess.com"]
[Source "ChessBase"]
[SourceQuality "1"]
[TimeControl "5400+30"]

1. e4 {[%emt 0:00:00]} e6 {[%emt 0:00:23]} 2. c4 {[%emt 0:00:00]} d5 {[%emt 0:02:16]} 3. exd5 {[%emt 0:00:00]} exd5 {[%emt 0:00:01]} 4. d4 {[%emt 0:00:02]} Bd6 {[%emt 0:00:57]} 5. Nf3 {[%emt 0:02:05]} Nf6 {[%emt 0:00:34]} 6. Be2 {[%emt 0:00:18]} dxc4 {[%emt 0:02:45]} 7. O-O {[%emt 0:03:26]} O-O {[%emt 0:00:17]} 8. Bxc4 {[%emt 0:00:12]} Nc6 {[%emt 0:02:17]} 9. Nc3 {[%emt 0:02:21]} Bg4 {[%emt 0:19:51]} 10. Be3 {[%emt 0:00:43]} h6 {[%emt 0:08:46]} 11. h3 {[%emt 0:00:34]} Bh5 {[%emt 0:01:12]} 12. Rc1 {[%emt 0:01:57]} a6 {[%emt 0:09:56]} 13. Be2 {[%emt 0:01:13]} Re8 {[%emt 0:02:27]} 14. Re1 {[%emt 0:04:45]} Nb4 {[%emt 0:03:01]} 15. Bd2 {[%emt 0:08:39]} Nbd5 {[%emt 0:01:25]} 16. g3 {[%emt 0:03:27]} c6 {[%emt 0:08:37]} 17. Kg2 {[%emt 0:04:58]} Qb6 {[%emt 0:00:34]} 18. Nxd5 {[%emt 0:03:35]} Nxd5 {[%emt 0:00:02]} 19. Bc3 {[%emt 0:00:39]} Re6 {[%emt 0:06:53]} 20. Qd2 {[%emt 0:02:10]} Qc7 {[%emt 0:05:41]} 21. Ng1 {[%emt 0:04:11]} Bf4 {[%emt 0:08:09]} 22. gxf4 {[%emt 0:02:45]} Nxf4+ {[%emt 0:00:22]} 23. Kf1 {[%emt 0:02:37]} Nxe2 {[%emt 0:00:16]} 24. Nxe2 {[%emt 0:04:50]} Qh2 {[%emt 0:00:09]} 25. Ng1 {[%emt 0:00:48]} Rg6 {[%emt 0:00:29]} 0-1